000 00570nam a2200193Ii 4500
003 JO-AjNU
008 230606s9999||||xx |||||||||||||| ||und||
040 _aJO-AjNU
_beng
_erda
_cJO-AjNU
041 _aeng
050 1 4 _aBP165.5.G8513 2000
100 3 _aGulen, Fethullah,
_eauthor
_95348
245 0 0 _aEssentials of the Islamic Faith
264 3 1 _aVirginia: The Fountain,2000
300 _a301P
336 _atext
_btxt
_2rdacontent
337 _aunmediated
_bn
_2rdamedia
338 _avolume
_bnc
_2rdacarrier
650 4 _aIslam- Essence- Islam- Appreciation.
_95349
999 _aE2762
_c2760
_d2760